Maturitní příprava. Angličtina /

Hlavní autor: Mańko, Elżbieta
Další autoři: O'Brien, David, Langerová, Ivana, 1980-
Jazyk: Čeština
Angličtina
Vydáno: Dubicko : INFOA, c2007
Edice: Nová maturita (INFOA)
Témata:
Externí odkaz: Digitalizovaný dokument
Fyzický popis: 175 s. : il. (převážně barev.) ; 28 cm + 1 CD
Knihy
Uloženo v:
LEADER 02368nam a2200565 a 4500
001 nkc20071779603
003 CZ PrNK
005 20080606100057.0
007 ta
008 071119s2007 xr a d p 000 0 cze
015 |a cnb001779603 
020 |a 978-80-7240-549-7  |q (brož.) 
035 |a (OCoLC)228500433 
040 |a BOA001  |b cze  |d ABA001 
041 1 |a cze  |a eng  |h pol 
072 7 |a 811.111  |x Angličtina  |2 Konspekt  |9 11 
072 7 |a 37.016  |x Učební osnovy. Vyučovací předměty. Učebnice  |2 Konspekt  |9 22 
080 |a 811.111  |2 MRF 
080 |a 373.5.016  |2 MRF 
080 |a 37.091.274/.275  |2 MRF 
080 |a (075.3)  |2 MRF 
100 1 |a Mańko, Elżbieta  |7 mzk2007423765  |4 aut 
245 1 0 |a Maturitní příprava.  |p Angličtina /  |c Elżbieta Mańko ; spolupracoval David O'Brien ; české vydání Ivana Langerová 
246 1 |i Název na rubu tit. s.:  |a Angličtina - maturitní příprava 
246 3 0 |a Angličtina 
260 |a Dubicko :  |b INFOA,  |c c2007 
300 |a 175 s. :  |b il. (převážně barev.) ;  |c 28 cm +  |e 1 CD 
490 1 |a Nová maturita 
500 |a Část. přeloženo z polštiny 
500 |a Anglicko-český slovníček 
650 0 7 |a angličtina  |7 ph114056  |2 czenas 
650 0 7 |a učivo středních škol  |7 ph136702  |2 czenas 
650 0 7 |a maturitní otázky  |7 ph136699  |2 czenas 
650 0 9 |a English language  |2 eczenas 
650 0 9 |a secondary school curriculum  |2 eczenas 
650 0 9 |a preparation for high school equivalency examinations  |2 eczenas 
655 7 |a učebnice středních škol  |7 fd133771  |2 czenas 
655 9 |a textbooks (secondary)  |2 eczenas 
700 1 |a O'Brien, David  |7 mzk2007423767  |4 ctb 
700 1 |a Langerová, Ivana,  |d 1980-  |7 mzk2007423766  |4 edt 
830 0 |a Nová maturita (INFOA)  |0 s 
856 4 1 |u http://www.digitalniknihovna.cz/mzk/uuid/uuid:8d5c5a90-6cd3-11e9-bcdf-005056827e52  |y Digitalizovaný dokument  |x NDK 
910 2 |a BOA001  |b 3-1194.762 
920 |a 001002635 
990 |a BK 
995 |a 01 
991 |b 200711  |c NOV 
996 6 |b 2610325169  |c 3-1194.762  |l MZK  |r Sklad / do 1 hodiny  |n 2  |p p.v.  |w 000875782  |u 000010  |a 1  |e BOA001  |j MZK50  |s P 
996 7 |b 261E008629  |c AK-0002.215  |d Kniha  |v 10  |l Anglická knihovna/2.patro  |r ZHR  |n 72  |h MA  |w 000875782  |u 000020  |a 0  |e BOA001  |j MZK50  |s A 
996 7 |b 261E008630  |c CD-A 447  |d CD  |v 5  |l Anglická knihovna/2.patro  |r ZHR  |n 35  |h CD-A 447  |w 000875782  |u 000030  |a 0  |e BOA001  |j MZK50  |s A